000 00870nam0a22002411 4500
001 rc\2973009
005 20250530001606.0
035 _a(NLR Aleph) 007118951
090 _a6843266
_c6843266
100 _a20110908d1933 |||y0rusy50 ca
101 0 _arus
102 _aRU
105 _ay z |||||
200 1 _aУчение о диктатуре пролетариата
_e(Методразработка)
_eМетодбюро КП КП(б) Грузии
_fСост. С. Элбакян
210 _a[Тифлис]
_cГосизд-во Грузии Партотдел
_d1933
215 _a23 с.
_d24 см
702 1 _aЭлбакян
_bС.
_4220
710 0 2 _aКП(б) Грузии
_bЦентральный комитет
_bМетодическое бюро
801 0 _aRU
_bNLR
_gpsbo
801 1 _aRU
_bELAR
_2rusmarc
852 _aNLR
_j34-11/1031
942 _cBOOK
980 _aNB